00391nam a2200133Ia 4500008004100000040001700041041001200058082002500070100002400095245006600119250001300185260004800198300001100246230917s9999||||xx |||||||||||||| ||und|| e215132aMAIN aEnglish a660.6024576 G469M(2) aGlazer, Alexander N 0aMicrobial biotechnology: Fundamentals of applied microbiology a2nd. ed. aNew DelhibCambridge University Pressc2008 a554 p.